000 00429nam a2200157Ia 4500
008 230917s9999||||xx |||||||||||||| ||und||
040 _e44512
_aMAIN
041 _aEnglish
082 _a294.594 K159B:K
100 _aBandyopadhyaya, N C
245 0 _aKatyayna-mata-sangraha or a collection of the legal fragments of Katyayana
250 _a2nd ed.
260 _aDelhi
_bSri Satguru
_c1986
300 _a32, 91 p.
942 _cBK
999 _c58035
_d58035